Faut-il accepter un gonflement conjoncturel du déficit public?

Pokles rastu francúzskej ekonomiky a štátnych príjmov v r. 1990. Strednodobá rozpočtová politika. Ako má ekonomická politika reagovať krátkodobo na konjunkturálne šoky a na šokové ponuky. Nebezpečenstvo rozpočtovej prísnosti v čase poklesu. (Observations et diagnostics économiques - Lettre de l'OFCE...

Descripción completa

Guardado en:
Detalles Bibliográficos
Autor principal: Gubian, A.
Otros Autores: Sterdyniak, H.
Formato: Capítulo de libro
Lenguaje:francés
Materias:
Etiquetas: Agregar Etiqueta
Sin Etiquetas, Sea el primero en etiquetar este registro!

MARC

LEADER 00000naa a2200000 4500
001 r004482
005 20221125091604.1
041 0 |a fre 
044 |a FR 
245 1 0 |a Faut-il accepter un gonflement conjoncturel du déficit public?  |c A. Gubian, H. Sterdyniak 
520 |a Pokles rastu francúzskej ekonomiky a štátnych príjmov v r. 1990. Strednodobá rozpočtová politika. Ako má ekonomická politika reagovať krátkodobo na konjunkturálne šoky a na šokové ponuky. Nebezpečenstvo rozpočtovej prísnosti v čase poklesu. (Observations et diagnostics économiques - Lettre de l'OFCE 1991, č. 84.). 
610 2 0 |a deficit 
610 2 0 |a rozpočet štátny 
610 2 0 |a rast hospodársky 
610 2 0 |a Francúzsko 
610 2 0 |a príjmy rozpočtu štátneho 
100 1 |a Gubian, A. 
700 1 |a Sterdyniak, H.